| 000 | 00584cam a22002291 4500 | ||
|---|---|---|---|
| 001 | sa 68000440 | ||
| 003 | DLC | ||
| 005 | 20260227112424.0 | ||
| 008 | 940727s1965 ii b 000 0 urdo | ||
| 010 | _asa 68000440 | ||
| 025 | _aPL480:I-U-1925 | ||
| 035 | _a(OCoLC)30838441 | ||
| 040 |
_aDLC _cCU _dCU _dDLC |
||
| 042 | _apremarc | ||
| 050 | 0 | 0 |
_aDS49.2 _b.B33 |
| 100 | 1 | _aBarni, Muhammad Ilyas. | |
| 245 | 1 | 0 | _aṢirāt̤ al-ḥamīd. |
| 260 | _c[1965?] | ||
| 300 |
_a272 p. _bfold. maps. _c19 cm. |
||
| 500 | _aIn Urdu. | ||
| 651 | 0 |
_aArab countries _xDescription and travel. |
|
| 999 |
_c77218 _d77218 |
||